000 00272nam a22001337a 4500
008 170421b xxu||||| |||| 00| 0 eng d
020 _a58763
041 _aeng
080 _a573
100 _a11
101 _aSHM
245 _aHUMAN BIOLOGY
_cBELK, C
942 _2udc
_cBK
999 _c11495
_d11495